Botvinnik, Campeón del Mundo de ajedrez (Record no. 35314)
[ view plain ]
| 000 -LEADER | |
|---|---|
| campo de control de longitud fija | 00717nam a2200181 i 4500 |
| 001 - NÚMERO DE CONTROL | |
| campo de control | 35314 |
| 003 - IDENTIFICADOR DE NÚMERO DE CONTROL | |
| campo de control | ES-MaACL |
| 005 - FECHA Y HORA DE LA ÚLTIMA TRANSACCIÓN | |
| campo de control | 20230906155114.0 |
| 007 - CAMPO FIJO DE DESCRIPCIÓN FÍSICA--INFORMACIÓN GENERAL | |
| campo de control de longitud fija | t| |
| 008 - DATOS DE LONGITUD FIJA--INFORMACIÓN GENERAL | |
| campo de control de longitud fija | 030212s1948 sp ||||1| spa d |
| 100 1# - ENTRADA PRINCIPAL--NOMBRE DE PERSONA | |
| Nombre de persona | Botvinnik, Mihail. |
| 9 (RLIN) | 30810 |
| 245 10 - MENCIÓN DEL TÍTULO | |
| Título | Botvinnik, Campeón del Mundo de ajedrez |
| Resto del título | : todas las partidas del campeonato jugado en La Haya y Moscú en 1948 : recopilación de comentarios de los grandes maestros / |
| Mención de responsabilidad, etc. | Mihail Botvinnik ; revisión técnica de Julio Ganzo. |
| 260 ## - PUBLICACIÓN, DISTRIBUCIÓN, ETC. | |
| Lugar de publicación, distribución, etc. | Madrid : |
| Nombre del editor, distribuidor, etc. | Ricardo Aguilera, |
| Fecha de publicación, distribución, etc. | 1948 ( |
| Lugar de fabricación/manufactura | Toledo : |
| Fabricante | Rafael Gómez-Menor) |
| 300 ## - DESCRIPCIÓN FÍSICA | |
| Extensión | 94 p. : |
| Otras características físicas | il. ; |
| Dimensiones | 16 cm. |
| 650 04 - PUNTO DE ACCESO ADICIONAL DE MATERIA--TÉRMINO DE MATERIA | |
| Término de materia o nombre geográfico como elemento de entrada | Ajedrez. |
| 9 (RLIN) | 9707 |
| 700 1# - ENTRADA AGREGADA--NOMBRE PERSONAL | |
| Nombre de persona | Ganzo, Julio. |
| 9 (RLIN) | 53894 |
| 852 ## - LOCALIZACIÓN | |
| Ubicación | ES-MaACL |
| Número de control de estantería | 1487-F-5 |
| Sublocalización o colección | R.26428 |
| Estatus retirado | Estado de pérdida | Estado de daño | No para préstamo | Colección | Biblioteca de origen | Biblioteca actual | Ubicación en estantería | Fecha de adquisición | Fuente de adquisición | Total de préstamos | Signatura topográfica completa | Código de barras | Visto por última vez | Precio de reemplazo | Tipo de ítem Koha |
|---|---|---|---|---|---|---|---|---|---|---|---|---|---|---|---|
| Colección de folletos | Biblioteca del Ateneo de Madrid | Biblioteca del Ateneo de Madrid | Depósito folletos | 17/01/2008 | 1487-F-5 | 1036942 | 23/02/2023 | 23/02/2023 | Folleto |
